[Event "Bucharest Super Rapid op"]
[Site "Bucharest"]
[Date "2022.05.01"]
[Round "5"]
[White "Miron, Lucian Costin"]
[Black "Siddharth, Gopakumar"]
[Result "1-0"]
[WhiteElo "2510"]
[BlackElo "1870"]
[PlyCount "77"]
[EventDate "2022.04.30"]
[EventType "swiss (rapid)"]
[EventRounds "10"]
[EventCountry "ROU"]
[SourceTitle "CBM 208 Extra"]
[Source "ChessBase"]
[SourceDate "2022.07.31"]
[SourceVersion "1"]
[SourceVersionDate "2022.07.31"]
[SourceQuality "1"]

1. d4 d5 2. c4 c6 3. Nf3 Nf6 4. g3 g6 5. Bg2 Bg7 6. 0-0 0-0 7. Nbd2 Bf5 8. b3 Nbd7 9. Bb2 Re8 10. Nh4 Be6 11. e4 Nxe4 12. Nxe4 dxe4 13. Bxe4 f5 14. Bg2 Bf7 15. f4 Qc7 16. Qc2 Rad8 17. Nf3 c5 18. d5 e5 19. dxe6 Bxe6 20. Bxg7 Kxg7 21. Rfe1 Bf7 22. Qc3+ Kg8 23. Ng5 Nb6 24. a4 Rd4 25. Rxe8+ Bxe8 26. a5 Nc8 27. Ne6 Qd6 28. Nxd4 cxd4 29. Qd3 Bc6 30. Rd1 Bxg2 31. Kxg2 Qc6+ 32. Qf3 Ne7 33. Rxd4 Qc7 34. b4 b6 35. a6 Kg7 36. Qb7 Qc6+ 37. Qxc6 Nxc6 38. Rd7+ Kf6 39. b5 1-0

[Event "Bucharest Super Rapid op"]
[Site "Bucharest"]
[Date "2022.04.30"]
[Round "4"]
[White "Padurariu, Mihai Edward"]
[Black "Miron, Lucian Costin"]
[Result "1-0"]
[WhiteElo "2255"]
[BlackElo "2510"]
[PlyCount "35"]
[EventDate "2022.04.30"]
[EventType "swiss (rapid)"]
[EventRounds "10"]
[EventCountry "ROU"]
[SourceTitle "CBM 208 Extra"]
[Source "ChessBase"]
[SourceDate "2022.07.31"]
[SourceVersion "1"]
[SourceVersionDate "2022.07.31"]
[SourceQuality "1"]

1. e4 e5 2. Bc4 Nf6 3. Nc3 Nxe4 4. Qh5 Nd6 5. Bb3 Nc6 6. Nb5 g6 7. Qf3 Nf5 8. g4 Nh6 9. g5 Nf5 10. Qd5 Qxg5 11. Nxc7+ Kd8 12. Nxa8 e4 13. Ne2 Qg2 14. Rg1 Qxh2 15. d3 e3 16. Bxe3 Nxe3 17. fxe3 Bh6 18. Rh1 1-0